| 000 | 01762nam0a2200361 4500 | ||
|---|---|---|---|
| 001 | RU\NLR\BIBL_A\022530263 | ||
| 005 | 20260406151955.0 | ||
| 010 |
_a978-5-00025-383-0 _9100 |
||
| 035 | _a(NLR Aleph) 022530263 | ||
| 090 |
_a13446821 _c13446821 |
||
| 100 | _a20250424d2025 |||y0rusy50 ca | ||
| 101 | 0 | _arus | |
| 102 | _aRU | ||
| 105 | _aac z 000zd | ||
| 181 | 0 |
_ai3 _baxxe |
|
| 182 | 0 | _an | |
| 200 | 1 |
_aПадение Третьего Рима _eдуховные основы возрождения Русского Православного Царства _eцерковная реформа патриарха Никона в нетрадиционном ракурсе _fВалерий Смирнов |
|
| 203 |
_aТекст _bвизуальный _cнепосредственный |
||
| 205 | _a2-е изд. | ||
| 210 |
_aСанкт-Петербург _cСкифия _d2025 (печ. 2024) |
||
| 215 |
_a404, [4] с. _cил., портр. _d21 |
||
| 320 | _aБиблиогр. в примеч.: с. 401-405 (135 назв.) и в подстроч. примеч. | ||
| 333 | _a12+ | ||
| 606 | 1 |
_aЦерковные реформы _yРоссия _z17 в. _92350955 _3RU\NLR\AUTH\661404536 |
|
| 606 | 1 |
_aРаскол _xИстория _91093460 _3RU\NLR\AUTH\66110173 |
|
| 686 | 2 | _aЭ372.24-346.1-016 | |
| 700 | 1 |
_8rus _7ca _aСмирнов _bВ. В. _cисторик _f1964-2022 _gВалерий Владимирович _3RU\NLR\AUTH\7795438 _978364 |
|
| 702 | 0 |
_4570 _8rus _7ca _aНикон _cМинов, Никита _cпатриарх Московский и Всея Руси _f1605-1681 _3RU\NLR\AUTH\775638 _9115600 |
|
| 942 | _cBOOK | ||
| 980 | _aNB | ||